000 01965cam a22003851i 4500
003 SA-RiAUC
005 20250731064130.0
008 250729s1972 su aho g b 001 0 ara c
040 _aAE-AiULD
_bara
_cSA-RiAUC
_erda
043 _aa-su---
050 4 _bR37 1972
082 0 4 _a953.122
_qSA-RiAUC
090 _a953.122
_bر س ا
245 0 0 _aرسائل في تاريخ المدينة /
_cقدم لها وأشرف على طبعها حمد الجاسر.
250 _aالطبعة الأولى.
264 1 _aالرياض :
_bمنشورات دار اليمامة للبحث والترجمة والنشر،
_c1972
264 3 _a[القاهرة] :
_bمطبعة نهضة مصر
300 _a245 صفحة :
_bصور، مصور، مثيليات ؛
_c25 سم.
336 _aنص
_btxt
_2rdacontent
_3كتاب
337 _aبدون وسيط
_bn
_2rdamedia
338 _aمجلد
_bnc
_2rdacarrier
490 0 _aنصوص وأبحاث جغرافية وتاريخية عن جزيرة العرب ؛
_v16
500 _aتاريخ النشر مأخوذ من المقدمة.
500 _aيشتمل علي كشافات.
500 _aصور طبق الأصل.
500 _aكشافات : صفحة 210-245.
504 _aيشتمل على إرجاعات ببليوجرافية.
504 _aببليوجرافية.
505 0 _aالمحتويات : وصف المدينة المنورة-التحفة اللطيفة في عمارة المسجد النبوي وسور المدينة الشريفة-الوفاء بما يجب في حضرة المصطفى-حوادث تتعلق بالحجرة النبوية-بناء سور المدينة-وضع الأهلة فوق القبة ومنابر الحرم المدني.
590 _aهادي.
651 7 _aالمدينة المنورة
_xتاريخ
_2aucsh
700 1 _aالجاسر، حمد،
_d1328-1421 هجري
_eمقدم.
942 _2ddc
_cBOOK
_n0
949 _aSA-JeALM
_d250729
_umohamedma123
_n1
999 _c10406
_d10406